| 000 | 02392nam0a2200361 4500 | ||
|---|---|---|---|
| 001 | RU\NLR\BIBL_A\011927795 | ||
| 005 | 20250217132420.0 | ||
| 010 |
_a978-5-91543-271-9 _91000 |
||
| 021 |
_aRU _bКН-П-18-100629 _9КН-П-18-7303 |
||
| 035 | _a(NLR Aleph) 011927795 | ||
| 035 | _a(RuMoRGB)009850149 | ||
| 090 |
_a11022147 _c11022147 |
||
| 100 | _a20190205d2018 k y0rusy50 ca | ||
| 101 | 0 | _arus | |
| 102 | _aRU | ||
| 105 | _ay|||z|||100zy | ||
| 200 | 1 |
_aИсторико-педагогическое знание в начале III тысячелетия: передающая, порождающая и преобразующая педагогика в истории образования _eматериалы Четырнадцатой Международной научной конференции, Москва, 15 ноября 2018 г. _fМинистерство образования Московской области, Академия социального управления, Кафедра педагогики _gредактор-составитель Г. Б. Корнетов |
|
| 210 |
_aМосква _cАСОУ _d2018 |
||
| 215 |
_a252, [1] с. _cтабл. _d21 |
||
| 225 | 1 |
_aСерия Историко-педагогическое знание _vвып. 121 |
|
| 320 | _aБиблиогр. в подстроч. примеч. | ||
| 606 | 1 |
_aПедагогика _xИстория _jСъезды, совещания и т.п. _2nlr_sh2 _3RU\NLR\AUTH\66241282 |
|
| 610 | 0 | _aистория образования | |
| 686 | 1 | _aЧ33(0)я431 | |
| 702 | 1 |
_aКорнетов _bГ. Б. _gГригорий Борисович _4340 _4220 |
|
| 711 | 1 | 2 |
_a"Историко-педагогическое знание в начале III тысячелетия: передающая, порождающая и преобразующая педагогика в истории образования", международная научная конференция _d14 _f2018 _eМосква _3RU\NLR\AUTH\880494403 |
| 712 | 0 | 2 |
_aАкадемия социального управления _cМосква _bКафедра педагогики _3RU\NLR\AUTH\8810137343 _4570 |
| 942 | _cBOOK | ||
| 980 | _aNBR | ||
| 980 | _aNB | ||